[Event "4 Landerkampf"]
[Site "Hessen"]
[Date "1998.??.??"]
[Round "1"]
[White "Doettling, Fabian"]
[Black "Wege, Jochen"]
[Result "1-0"]
[WhiteElo "2345"]
[BlackElo "2180"]

1.d4 Nf6 2.Nf3 e6 3.c4 Bb4+ 4.Nbd2 O-O 5.a3 Bxd2+ 6.Bxd2 d6 7.Bg5 h6 8.Bh4 Nbd7
9.e3 b6 10.Be2 Bb7 11.O-O g5 12.Bg3 Ne4 13.Nd2 Nxd2 14.Qxd2 f5 15.f3 Qe7
16.b4 e5 17.d5 Nf6 18.a4 Rae8 19.Be1 f4 20.e4 Rf7 21.Qc2 Rg7 22.c5 Bc8 23.a5 bxc5
24.bxc5 Nh7 25.Bb4 g4 26.cxd6 cxd6 27.fxg4 Bxg4 28.Bxg4 Rxg4 29.a6 Rd8 30.Ba5 Rd7
31.Rab1 Rg7 32.Rb8+ Nf8 33.Qc8 Qf6 34.Kh1 Rdf7 35.Qe6 Qg5 36.Qh3 Kh7 37.Bb4 Qg6
38.Qf3 Qf6 39.Rc1 Ng6 40.Rcc8 Rc7 41.Rxc7 Rxc7 42.Ba3 Qh4 43.Rb1 Rg7 44.h3 Ne7
45.Bxd6 Qf6 46.Bxe7 Rxe7 47.Rb7 Rxb7 48.axb7 Qb6 49.Qh5 Qxb7 50.Qxe5 f3 51.gxf3 Qc8
52.Kh2 Qc1 53.d6 Qd2+ 54.Kg3 a5 55.Qe7+ Kg6 56.h4 Qe1+ 57.Kf4 Qc1+ 58.Ke5 Qc3+
59.Ke6 Qc4+ 60.Kd7 Qb5+ 61.Kc7 Qc5+ 62.Kd8 a4 63.d7 Qc6 64.Qe8+ Kg7 65.Qe5+ Kf7
66.Qf5+ Kg7 67.Ke7 Qc7 68.Qf6+ Kh7 69.Ke8 a3 70.d8=Q Qb7 71.Qde7+  1-0

[Event "HUN-chT9899"]
[Site "HUN"]
[Date "1998.??.??"]
[Round "?"]
[White "Petran, Pal"]
[Black "Meszaros, Gyorgy"]
[Result "1/2-1/2"]
[WhiteElo "2395"]
[BlackElo "2195"]

1.d4 Nf6 2.c4 e6 3.Nf3 Bb4+ 4.Nbd2 d5 5.Qa4+ Nc6 6.a3 Bxd2+ 7.Bxd2 Ne4 8.Be3 O-O
9.g3 Ne7 10.Rd1 a5 11.Bg2 Nd6 12.c5 b5 13.Qc2 Nc4 14.Bc1 a4 15.O-O f5 16.Ne5 Bd7
17.f3 Nc6 18.Nxc6 Bxc6 19.Qc3 g5 20.e3 Qf6 21.Rf2 Qg6 22.Re1 Rae8 23.Bf1 h5
24.Bd3 g4 25.Ref1 Qg7 26.fxg4 hxg4 27.Qc2 Rb8  1/2-1/2

[Event "HUN-chT29899"]
[Site "HUN"]
[Date "1998.??.??"]
[Round "?"]
[White "Mate, Balazs"]
[Black "Bodrogi, Mihaly"]
[Result "1-0"]
[WhiteElo "2110"]
[BlackElo "2190"]

1.d4 Nf6 2.c4 e6 3.Nf3 Bb4+ 4.Nbd2 d5 5.e3 O-O 6.Bd3 Re8 7.O-O Nbd7 8.a3 Bf8
9.Ne5 Nxe5 10.dxe5 Nd7 11.f4 f6 12.Qc2 g6 13.exf6 Nxf6 14.Nf3 Bg7 15.Bd2 Rf8
16.Bb4 Re8 17.Rfe1 b6 18.c5 a5 19.Bd2 Nd7 20.cxb6 cxb6 21.Bc3 Nc5 22.Bxg7 Kxg7
23.b4 Nxd3 24.Qxd3 Bb7 25.Qd4+ Kg8 26.Rec1 Qd6 27.Ne5 Rec8 28.Nc4 Qd8 29.Nxb6 Rxc1+
30.Rxc1 Ra6 31.Na4 axb4 32.Nc5 Rc6 33.axb4 Bc8 34.Ra1 Qc7 35.g3 Rb6 36.Rb1 Rb8
37.Qf6 Rb6 38.Qd4 Rb8 39.Rb2 Ra8 40.Rd2 Rb8 41.Kf2 Qb6 42.Rb2 Qc7 43.e4 Qc6
44.Re2 dxe4 45.Qxe4 Qd6 46.Qc4 Kf7 47.Qc3 Kg8 48.Rd2 Qb6 49.Qf6  1-0

[Event "Ikaria op"]
[Site "Ikaria"]
[Date "1998.??.??"]
[Round "1"]
[White "Mitigas, Spyridon"]
[Black "Pandavos, Emanouel"]
[Result "0-1"]
[WhiteElo "2070"]
[BlackElo "2315"]

1.d4 Nf6 2.c4 e6 3.Nf3 Bb4+ 4.Nbd2 O-O 5.a3 Bxd2+ 6.Bxd2 b6 7.e3 Bb7 8.Bd3 Ne4
9.Qc2 f5 10.Bb4 d6 11.c5 a5 12.cxb6 cxb6 13.Bc3 Nd7 14.Rc1 Rc8 15.O-O Rf6
16.Nd2 Rh6 17.Nxe4 fxe4 18.Be2 Qh4 19.h3 Rf8 20.Bg4 Bd5 21.g3 Qg5 22.Kg2 Nf6
23.Qe2 Rg6 24.Be1 h5 25.f4 Qh6 26.Bxe6+ Bxe6 27.f5 Nd5 28.Bd2 Rxf5 29.Rxf5 Bxf5
30.Rf1 Qg5 31.g4 hxg4 32.h4 Qh5 33.Qb5 Kh7 34.Qxd5 g3 35.Qc4 b5 36.Rxf5 Qxf5
37.Qe2 Qf3+  0-1

[Event "Heart of Finland op"]
[Site "Jyvaskyla"]
[Date "1998.??.??"]
[Round "?"]
[White "Yrjola, Jouni"]
[Black "Haapasalo, Jukka Pekka"]
[Result "1/2-1/2"]
[WhiteElo "2410"]
[BlackElo "2185"]

1.d4 Nf6 2.c4 e6 3.Nf3 Bb4+ 4.Nbd2 b6 5.e3 Bb7 6.Bd3 c5 7.a3 Bxd2+ 8.Bxd2 Be4
9.Be2 O-O 10.O-O Qe7 11.Bc3 d6 12.b4 Nbd7 13.Nd2 Bb7 14.Qc2 e5 15.Rfe1 Rfe8
16.bxc5 dxc5 17.d5 e4 18.a4 a5 19.Nf1 h5 20.Ng3 g6 21.Nf1 Ng4 22.h3 Nh6 23.Bb2 Nf5
24.Qc3 f6 25.f4 Kf7 26.g4 Nh4 27.Kf2 Rh8 28.Ng3 Rag8 29.gxh5 Bc8 30.hxg6+ Rxg6
31.Rg1 Kf8 32.Bg4 Nf3 33.Rg2 Rhg8 34.Bf5 Nde5 35.Bxe4 Bxh3 36.fxe5 Nxe5 37.Bxg6 Bxg2
38.Rg1 Rxg6 39.Rxg2 Qh7 40.e4 Qh4 41.Kg1 Qg4 42.Rf2  1/2-1/2

[Event "PER-ch sf"]
[Site "Lima"]
[Date "1998.??.??"]
[Round "7"]
[White "Miguel, Fernando"]
[Black "Robbiano Taboada, Carlo"]
[Result "1/2-1/2"]
[WhiteElo "2300"]
[BlackElo "2260"]

1.d4 Nf6 2.c4 e6 3.Nf3 Bb4+ 4.Nbd2 O-O 5.a3 Bxd2+ 6.Qxd2 d5 7.e3 b6 8.Be2 dxc4
9.Bxc4 Bb7 10.Qe2 Nbd7 11.O-O Qe7 12.b4 Rfc8 13.b5 c5 14.bxc6 Bxc6 15.Ba6 Rc7
16.Bd2 Nb8 17.Bb4 Qd8 18.Bd3 Be4 19.Rac1 Nc6 20.Ba6 Nxb4 21.axb4 Nd5 22.Nd2 Bg6
23.Rc4 Rxc4 24.Qxc4 Qc7 25.Qxc7 Nxc7 26.Bb7 Rb8 27.Bc6 Bd3 28.Ra1 a6 29.Ra3 Bb5
30.Bxb5 axb5 31.Ne4 Nd5 32.Nd6 Nxb4 33.Nxb5 h6 34.h4 Rb7 35.Ra8+ Kh7 36.h5 Rd7
37.Rb8 Nd5 38.g4 f5 39.Re8 Re7 40.Rxe7 Nxe7 41.f3 Kg8 42.Kf2  1/2-1/2

[Event "Montpellier opA"]
[Site "Montpellier"]
[Date "1998.??.??"]
[Round "1"]
[White "Amato, Roger"]
[Black "Kosten, Anthony C"]
[Result "0-1"]
[WhiteElo "2175"]
[BlackElo "2535"]

1.d4 Nf6 2.c4 e6 3.Nf3 Bb4+ 4.Nbd2 b6 5.e3 Bb7 6.Be2 O-O 7.a3 Bxd2+ 8.Qxd2 a5
9.b3 d6 10.Bb2 Nbd7 11.O-O Ne4 12.Qc2 f5 13.b4 Qe7 14.Ne1 Qg5 15.f4 Qe7 16.Nd3 Ndf6
17.Nf2 Nxf2 18.Rxf2 axb4 19.axb4 Rxa1+ 20.Bxa1 Ra8 21.Bb2 Qe8 22.Bd1 Be4
23.Qc1 b5 24.d5 exd5 25.Bxf6 gxf6 26.cxd5 Bxd5 27.Qc3 Qe6 28.Rd2 c6 29.Kf2 Kg7
30.Bf3 Bxf3 31.Kxf3 Re8 32.Kf2 Re7 33.Rd3 Qd7 34.Qd2 d5 35.Qc3 Qd6 36.Rd4 Ra7
37.Qc2 Qe6 38.Qb2 Ra4 39.Qb3 Qe7 40.Qc3 Ra2+ 41.Rd2 Ra6 42.Rd1 Qa7 43.Rb1 Kf7
44.Rb2 Qe7 45.Rd2 Qe4 46.Rc2 Kg7 47.Qb2 Kg6 48.Rd2 Qc4 49.Rc2 Qd3 50.Rc3 Qe4
51.Rc2 Ra4 52.Qc3 d4 53.exd4 Rxb4 54.Qxb4 Qxc2+ 55.Kg3 Qe4 56.Qd6 b4 57.Qb8 Kf7
58.Qb7+ Qe7 59.Qb8 Qe3+ 60.Kh4 Qxd4 61.Qc7+ Kg6 62.Qb8 Qf2+ 63.Kh3 Qe3+ 64.g3 Qe7
65.Kh4 Kg7 66.Qc8 b3 67.Qxf5 b2 68.Qc2 Qb7 69.Qb1 Qb3 70.g4 Qc3 71.Qe4 Qc5
72.g5 f5  0-1

[Event "Goldberg mem"]
[Site "Moscow"]
[Date "1998.??.??"]
[Round "11"]
[White "Naer, Eugeni"]
[Black "Gaprindashvili, Valerian"]
[Result "0-1"]
[WhiteElo "2455"]
[BlackElo "2270"]

1.d4 Nf6 2.c4 e6 3.Nf3 Bb4+ 4.Nbd2 b6 5.a3 Bxd2+ 6.Qxd2 Bb7 7.e3 O-O 8.Bd3 d6
9.b4 Nbd7 10.Bb2 Qe7 11.O-O e5 12.dxe5 dxe5 13.Be2 Rfd8 14.Rfd1 Ne4 15.Qc2 c5
16.Nd2 Nxd2 17.Rxd2 Nf8 18.Rad1 Rxd2 19.Qxd2 f6 20.h3 Bc6 21.b5 Be4 22.a4 Rb8
23.a5 Qb7 24.f3 Bg6 25.Qd6 Bf7 26.a6 Qc8 27.Qe7 Ra8 28.Kf2 Qe8 29.Qb7 Qc8
30.Ra1 Ne6 31.f4 exf4 32.Bf3 fxe3+ 33.Kxe3 Nc7 34.Re1 Qd7 35.Kf2 Bxc4  0-1

[Event "EU-ch U18"]
[Site "Murek"]
[Date "1998.??.??"]
[Round "2"]
[White "Doettling, Fabian"]
[Black "Sandhu, Mario"]
[Result "1-0"]
[WhiteElo "2360"]
[BlackElo "2190"]

1.d4 e6 2.Nf3 Nf6 3.c4 Bb4+ 4.Nbd2 b6 5.e3 Bb7 6.Bd3 O-O 7.O-O d5 8.a3 Bd6
9.b4 dxc4 10.Nxc4 Ne4 11.Nfd2 Bxh2+ 12.Kxh2 Qh4+ 13.Kg1 Nc3 14.Qe1 Bxg2 15.f4 Qg4
16.Ne5 Qh3 17.Nef3 Bxf1 18.Bxf1 Qg4+ 19.Bg2 Nd7 20.Nc4 Ne4 21.Nfe5 Nxe5 22.Nxe5 Qf5
23.Bb2 f6 24.Nc6 Qg4 25.Qd1 Qg3 26.Qf3 Qxf3 27.Bxf3 f5 28.Rd1 Rae8 29.Nxa7 Rf6
30.Nc6 Rg6+ 31.Kf1 Rg3 32.Ke2 g5 33.fxg5 Nxg5 34.Bh1 Rf8 35.d5 f4 36.exf4 Nh3
37.Be5 Nxf4+ 38.Bxf4 Rxf4 39.dxe6 Rh4 40.Bd5 Rh2+ 41.Kf1 Kf8 42.e7+ Ke8 43.Be4  1-0

[Event "Nizhnij Tagil"]
[Site "Nizhnij Tagil"]
[Date "1998.??.??"]
[Round "3"]
[White "Neverov, Valeriy"]
[Black "Totsky, Leonid"]
[Result "1/2-1/2"]
[WhiteElo "2540"]
[BlackElo "2490"]

1.d4 e6 2.c4 Bb4+ 3.Nd2 Nf6 4.Nf3 O-O 5.e3 d5 6.a3 Be7 7.b4 a5 8.b5 c5 9.Bb2 Nbd7
10.cxd5 Nxd5 11.Bc4 cxd4 12.Bxd4 N7b6 13.O-O Bf6 14.Qb3 Bxd4 15.Nxd4 a4 16.Qb2 e5
17.N4f3 f6 18.Ba2 Be6 19.Ne4 Qe7 20.Rac1 Rac8 21.h3 Kh8 22.Rxc8 Rxc8 23.Rc1 Rxc1+
24.Qxc1 Bg8 25.g4 Qc7 26.Qd2 Nc4 27.Qc1 Ncb6  1/2-1/2

[Event "Nizhnij Tagil"]
[Site "Nizhnij Tagil"]
[Date "1998.??.??"]
[Round "6"]
[White "Neverov, Valeriy"]
[Black "Zhidkov, Valery S"]
[Result "1/2-1/2"]
[WhiteElo "2540"]
[BlackElo "2400"]

1.d4 Nf6 2.c4 e6 3.Nf3 Bb4+ 4.Nbd2 b6 5.e3 Bb7 6.Bd3 c5 7.O-O cxd4 8.exd4 O-O
9.a3 Be7 10.b3 d5 11.Re1 Nbd7 12.Bb2 Re8 13.Qe2 dxc4 14.bxc4 Qc7 15.Rac1 Rac8
16.Bb1 Nf8 17.Ne5 Ng6 18.Ndf3 Nxe5 19.Nxe5 Bf8 20.Rc3 g6 21.Ba2 Bg7 22.Re3 Red8
23.h4 Nh5 24.g3 Nf6 25.d5 exd5 26.Nxf7 Qxf7 27.Re7 Re8 28.Rxf7 Rxe2 29.Rxg7+ Kxg7
30.Rxe2 Kf7 31.Bxf6 Kxf6 32.cxd5 Rc1+ 33.Kh2 Rd1 34.Bb3 Rd3 35.Re6+ Kf7 36.d6 Rxb3
37.Re7+ Kf6 38.Rxb7 Rxa3 39.Rxh7 a5 40.h5 gxh5 41.Rh6+ Kg7 42.d7 Rd3 43.Rxb6 Rxd7
44.Rb5 Ra7 45.Rxh5 a4 46.Kg2 a3 47.Rh1 Kf6  1/2-1/2

[Event "Pardubice Czech op"]
[Site "Pardubice"]
[Date "1998.??.??"]
[Round "7"]
[White "Burmakin, Vladimir"]
[Black "Kutuzovic, Branko"]
[Result "1-0"]
[WhiteElo "2550"]
[BlackElo "2425"]

1.d4 Nf6 2.Nf3 e6 3.c4 Bb4+ 4.Nbd2 b6 5.a3 Bxd2+ 6.Qxd2 Bb7 7.e3 O-O 8.Bd3 d6
9.O-O Nbd7 10.Qc2 c5 11.Nd2 a5 12.b3 Rc8 13.Bb2 cxd4 14.exd4 b5 15.Bc3 Nb8
16.Rfc1 bxc4 17.bxc4 Nc6 18.Rab1 Ba6 19.Bf1 Qc7 20.Qa4 Nd7 21.d5 Nce5 22.Bxa5 Qa7
23.Bb4 Ng4 24.c5 dxc5 25.Qxa6 Qb8 26.Nf3 Nde5 27.Nxe5 Qxe5 28.g3 Qh5 29.h3 Nxf2
30.Kxf2 Qf5+ 31.Kg1 Ra8 32.Qd3  1-0

[Event "Ptuj"]
[Site "Ptuj"]
[Date "1998.??.??"]
[Round "?"]
[White "Petrosian, Arshak B"]
[Black "Krumpacnik, Domen"]
[Result "1/2-1/2"]
[WhiteElo "2500"]
[BlackElo "2380"]

1.d4 Nf6 2.c4 e6 3.Nf3 Bb4+ 4.Nbd2 O-O 5.a3 Bxd2+ 6.Bxd2 d6 7.Bg5 Nbd7 8.e3 e5
9.Be2 exd4 10.exd4 Re8 11.O-O Nf8 12.h3 h6 13.Be3 Bf5 14.d5 Ng6 15.Nd4 Bd7
16.Qc2 c5 17.dxc6 bxc6 18.b4 d5 19.Rfd1 Ne5 20.Rac1 Qe7 21.c5 a6 22.Bf4 Ne4
23.Bf1 Qf6 24.Bh2 Ng6 25.f3 Ng5 26.Qd2 Nh4 27.Qf4 Qxf4 28.Bxf4 Ne6 29.Nxe6 Rxe6
30.a4 g5 31.Bc7 Nf5 32.b5 axb5 33.axb5 cxb5 34.Rxd5 Re7 35.c6 Be6 36.Rd8+ Re8
37.Rxe8+ Rxe8 38.Bxb5 Nd4 39.Ba6 Bc8 40.Bf1 Re6 41.Ra1 Rxc6 42.Be5 Ne6 43.Ra8 Nf8
44.Bb5 Rc1+ 45.Kh2 Ng6 46.Bf6 Kh7 47.Bd3 Rc6 48.Ba1 h5 49.Bb2 h4 50.Be4 Rc5
51.Bd4 Rc4 52.Bf6 Rc5 53.Be7 Re5 54.Bf6 Rc5 55.Bxg5 Rxg5 56.Rxc8 Kg7 57.Bxg6 fxg6
58.Rc4 Rh5 59.Rg4 Kf6 60.f4 Kf5 61.Kg1 Ke4 62.Kf2 Rh6 63.Ke2 Rh7 64.Rxg6 Kxf4
65.Rg4+ Kf5 66.Kf3 Rh8 67.Ke3 Re8+ 68.Kf3 Rh8 69.Ra4 Kg5 70.Ra5+ Kh6 71.Ra4 Kg5  1/2-1/2

[Event "CRO-chT2"]
[Site "Pula"]
[Date "1998.??.??"]
[Round "2"]
[White "Muse, Drazen"]
[Black "Sulc, Damir"]
[Result "1/2-1/2"]
[WhiteElo "2315"]
[BlackElo "2275"]

1.d4 Nf6 2.Nf3 e6 3.c4 Bb4+ 4.Nbd2 O-O 5.a3 Bxd2+ 6.Bxd2 b6 7.Bg5 Bb7 8.e3 d6
9.Be2 Nbd7 10.O-O h6 11.Bh4 g5 12.Bg3 Ne4 13.Nd2 Nxd2 14.Qxd2 f5 15.f3 Qe7
16.b4 e5 17.c5 Rad8 18.Rfc1 Nf6 19.cxb6 cxb6 20.Rc3 Nd5 21.Bc4 Kh8 22.Bxd5 Bxd5
23.e4 fxe4 24.fxe4 Bb7 25.Rac1 Rd7 26.h4 Bxe4 27.Re3 d5 28.Bxe5+ Kh7 29.Rg3 gxh4
30.Rc6 hxg3 31.Qxh6+ Kg8 32.Qh8+ Kf7 33.Qh5+ Kg8 34.Qh8+ Kf7 35.Qh5+ Kg8
36.Qh8+  1/2-1/2

[Event "CRO-chT2"]
[Site "Pula"]
[Date "1998.??.??"]
[Round "9"]
[White "Jurkovic, Ante"]
[Black "Sulc, Damir"]
[Result "1/2-1/2"]
[WhiteElo "2320"]
[BlackElo "2275"]

1.d4 Nf6 2.c4 e6 3.Nf3 Bb4+ 4.Nbd2 b6 5.g3 Bb7 6.Bg2 O-O 7.O-O Bxd2 8.Qxd2 d6
9.b3 Nbd7 10.Bb2 Ne4 11.Qc2  1/2-1/2

[Event "SWE-ch"]
[Site "Ronneby"]
[Date "1998.??.??"]
[Round "12"]
[White "Hellsten, Johan"]
[Black "Akesson, Joel"]
[Result "1-0"]
[WhiteElo "2460"]
[BlackElo "2290"]

1.d4 e6 2.Nf3 Nf6 3.c4 Bb4+ 4.Nbd2 d5 5.e3 O-O 6.a3 Be7 7.Bd3 c5 8.b3 dxc4
9.bxc4 Nc6 10.Bb2 b6 11.O-O Bb7 12.Rc1 Rc8 13.Bb1 cxd4 14.exd4 Qc7 15.d5 Na5
16.Ng5 Qf4 17.Bxf6 Bxf6 18.Nxh7 Rfd8 19.Nxf6+ Qxf6 20.Ne4 Qh6 21.Rc3 exd5
22.cxd5 Rxc3 23.Nxc3 Nc4 24.a4 Ne3 25.Bh7+ Kxh7 26.Qd3+ Kg8 27.fxe3 Re8 28.e4 Qd6
29.Qd4 Ba6 30.Rf3 f6 31.h4 Rc8 32.h5 Rc4 33.Qe3 Qe5 34.h6 gxh6 35.Rh3 Qg5
36.Rg3  1-0

[Event "Saint Affrique op"]
[Site "Saint Affrique"]
[Date "1998.??.??"]
[Round "5"]
[White "Chatalbashev, Boris"]
[Black "Sulava, Nenad"]
[Result "1/2-1/2"]
[WhiteElo "2550"]
[BlackElo "2450"]

1.d4 e6 2.c4 Nf6 3.Nf3 Bb4+ 4.Nbd2 O-O 5.a3 Bxd2+ 6.Qxd2 b6 7.e3 d5 8.b3 Ba6
9.Bb2 c5 10.Bd3 cxd4 11.exd4 Nc6 12.Qe2 Na5 13.Nd2 Rc8 14.Rc1 Nc6 15.Qe3 e5
16.dxe5 d4 17.Qh3 Nxe5 18.O-O Bb7 19.Bf5 Ng6 20.Bxc8 Bxc8 21.Qg3 Nh5 22.Qf3 Nhf4
23.Rfe1 h5 24.c5 Bg4 25.Qe4 d3 26.c6 Ne2+ 27.Kh1 Qg5 28.Rcd1 Ngf4 29.Nf3 Qc5
30.Qe5 f6 31.Qxc5 bxc5 32.Rxd3 Nxd3 33.Rxe2 Rc8 34.Bc3 Rxc6 35.Rd2 Bxf3  1/2-1/2

[Event "Sao Paulo State-ch3"]
[Site "Sao Caetano"]
[Date "1998.??.??"]
[Round "?"]
[White "Fernandez, Rodrigo Amaral"]
[Black "De Toledo, James Mann"]
[Result "1-0"]
[WhiteElo "2275"]
[BlackElo "2410"]

1.d4 Nf6 2.c4 e6 3.Nf3 Bb4+ 4.Nbd2 b6 5.a3 Bxd2+ 6.Qxd2 Bb7 7.g3 O-O 8.Bg2 d6
9.O-O Nbd7 10.b4 Qe7 11.Bb2 Ne4 12.Qc2 f5 13.a4 a5 14.b5 Rae8 15.e3 Qf7 16.Ne1 Qh5
17.Nd3 e5 18.dxe5 dxe5 19.Rad1 Rf6 20.f4 Rh6 21.Bf3 Qh3 22.Nxe5 Ndc5 23.Qg2 Qxg2+
24.Kxg2 Nxa4 25.Ba3 Bc8 26.Rd4 Rhe6 27.g4 g6 28.gxf5 gxf5 29.Bh5 Bb7 30.Bxe8 Rxe8
31.Rg1 Kg7 32.Kf1+ Kf6 33.Rd7 Nac3 34.Ke1 Ke6 35.Rgg7  1-0

[Event "Solin"]
[Site "Solin"]
[Date "1998.??.??"]
[Round "9"]
[White "Kozul, Zdenko"]
[Black "Kurajica, Bojan"]
[Result "1/2-1/2"]
[WhiteElo "2585"]
[BlackElo "2580"]

1.d4 Nf6 2.c4 e6 3.Nf3 Bb4+ 4.Nbd2 b6 5.a3 Bxd2+ 6.Qxd2 Bb7 7.e3 O-O 8.Be2 d6
9.O-O Nbd7 10.b4 c5 11.dxc5  1/2-1/2

[Event "Petrov mem"]
[Site "St Petersburg"]
[Date "1998.??.??"]
[Round "5"]
[White "Biriukov, Oleg V"]
[Black "Taimanov, Mark E"]
[Result "1/2-1/2"]
[WhiteElo "2390"]
[BlackElo "2490"]

1.d4 Nf6 2.c4 e6 3.Nf3 Bb4+ 4.Nbd2 O-O 5.a3 Bxd2+ 6.Bxd2 d6 7.Bg5 Nbd7 8.e3 e5
9.Be2 Qe7 10.O-O Re8 11.Re1 Nf8 12.c5 Bg4 13.cxd6 cxd6 14.dxe5 dxe5 15.Qa4 Bd7
16.Bb5 Bxb5 17.Qxb5 Qd7 18.Qxd7 N6xd7 19.e4 Nc5 20.b4 Na4 21.Rac1 f6 22.Be3 Ne6
23.Red1 Kf7 24.Kf1 a6 25.Rd7+ Re7 26.Rd2 Ke8 27.Ke2 Rc7 28.Rdc2 Rac8 29.Rxc7 Rxc7
30.Rxc7 Nxc7 31.Bc1 Kd7 32.Kd3 Ne6 33.Ne1 Kc6 34.Nc2 Kb5 35.g3 a5 36.f4 axb4
37.axb4 Nb6 38.fxe5 fxe5 39.Bb2 Nc4 40.Bc3 Nd8 41.Ba1 Nc6 42.Bc3 h5 43.Be1 g5
44.h3 Nd8 45.Bc3 h4 46.gxh4 Ne6 47.Be1 Nf4+ 48.Kc3 gxh4 49.Bxh4 Nd6 50.Na3+ Ka4
51.Nc4 Nxe4+ 52.Kc2 Kxb4 53.Nxe5 Nxh3 54.Kd3 Nc5+ 55.Kc2 Ne6 56.Be7+ Kb5
57.Nf7  1/2-1/2

[Event "EST-chT"]
[Site "Tallinn"]
[Date "1998.??.??"]
[Round "6"]
[White "Karner, Hillar"]
[Black "Peleshev, Leonid"]
[Result "0-1"]
[WhiteElo "2320"]
[BlackElo "2320"]

1.d4 Nf6 2.Nf3 e6 3.c4 Bb4+ 4.Nbd2 b6 5.a3 Bxd2+ 6.Bxd2 Bb7 7.e3 d6 8.Be2 Ne4
9.O-O Nxd2 10.Nxd2 Nd7 11.Bf3 Bxf3 12.Qxf3 O-O 13.Rfd1 f5 14.Rac1 e5 15.b4 e4
16.Qf4 Rc8 17.f3 exf3 18.Qxf3 Qe7 19.Nf1 g6 20.c5 Nf6 21.cxd6 cxd6 22.Rc6 Rxc6
23.Qxc6 Qe6 24.Rc1 Nd5 25.Qc4 Re8 26.h3 Kg7 27.Qb3 Re7 28.Rc2 Qe4 29.g3 Kf6
30.b5 g5 31.Rc6 Re6 32.Rc8 Nxe3 33.Nxe3 Qxe3+ 34.Qxe3 Rxe3 35.Kf2 Rxa3 36.Rc7 f4
37.gxf4 gxf4 38.Rxh7 Kf5 39.h4 Ke4 40.h5 Kxd4 41.h6 Rh3 42.Kg2 Rh5 43.Kf3 Kc5
44.Kg4 Rh1 45.Kg5 f3 46.Rf7 Kxb5 47.h7 f2 48.Kg6 Rg1+  0-1

[Event "Tatry op"]
[Site "Tatranska Lomnica"]
[Date "1998.??.??"]
[Round "4"]
[White "Koziak, Vitali"]
[Black "Kana, Pavel"]
[Result "1-0"]
[WhiteElo "2450"]
[BlackElo "2165"]

1.d4 Nf6 2.Nf3 e6 3.c4 Bb4+ 4.Nbd2 O-O 5.g3 b6 6.Bg2 Bb7 7.O-O d5 8.cxd5 exd5
9.Ne5 Nbd7 10.Ndf3 Ne4 11.Bf4 Ndf6 12.Rc1 Bd6 13.Nc6 Bxc6 14.Rxc6 Bxf4 15.gxf4 Ng4
16.Qc2 Rc8 17.h3 Ngxf2 18.Rxf2 Nxf2 19.Kxf2 Re8 20.e3 Qe7 21.Ne5 Red8 22.Bf3 f6
23.Nd3 Rd6 24.Nb4 Re8 25.Nxd5 Qe6 26.Rxd6 cxd6 27.Qc6 Rd8 28.Bg4 Qf7 29.Qc7 Qxc7
30.Nxc7 g6 31.Be6+ Kf8 32.f5 Kg7 33.e4 Kh6 34.Kg3 Kg5 35.Nd5 Rf8 36.b4 Kh6
37.b5 Kg7 38.a4 Rb8 39.h4 Rd8 40.Kf3 Rf8 41.Ne7 Rd8 42.Nc8 Kh6 43.Nxa7 Ra8
44.Nc8 Rxa4 45.Nxb6 Rxd4 46.Nd7 gxf5 47.Bxf5 d5 48.b6 dxe4+ 49.Ke3 Rb4 50.Bxe4 f5
51.Bxf5 Rxh4 52.b7 Rb4 53.b8=R Rxb8 54.Nxb8 Kg7 55.Nc6 Kg8 56.Ne7+ Kf7 57.Nd5 Kg7
58.Kf4 Kh8 59.Kg5 Kg7 60.Be6 Kh8 61.Kf6 h5 62.Kg6 h4 63.Nf4  1-0

[Event "JUG Cup"]
[Site "Ulcinj"]
[Date "1998.??.??"]
[Round "6"]
[White "Ivanisevic, Ivan"]
[Black "Knezevic, Bojan"]
[Result "1/2-1/2"]
[WhiteElo "2460"]
[BlackElo "2420"]

1.d4 Nf6 2.c4 e6 3.Nf3 Bb4+ 4.Nbd2 b6 5.g3 Bb7 6.Bg2 O-O 7.O-O a5 8.Qc2 c5
9.Rd1 a4 10.d5 exd5 11.Nh4 Nc6 12.cxd5 Nd4 13.Qd3 Bxd2 14.Qxd2 Bxd5 15.Bxd5 Nxd5
16.e3 Qxh4 17.exd4 Qh5 18.dxc5 Rfe8 19.cxb6 Nf4 20.b7 Rab8 21.Re1  1/2-1/2

[Event "POL-chT2"]
[Site "Wisla"]
[Date "1998.??.??"]
[Round "?"]
[White "Laszewicz, Pawel"]
[Black "Tustanowski, Robert"]
[Result "1/2-1/2"]
[WhiteElo "2220"]
[BlackElo "2260"]

1.d4 Nf6 2.Nf3 e6 3.c4 Bb4+ 4.Nbd2 b6 5.g3 Bb7 6.Bg2 O-O 7.O-O Re8 8.a3 Bf8
9.Qc2 d5 10.Ne5 c5 11.dxc5 bxc5 12.Rd1 Qc7 13.Nd3 d4 14.f3 a5 15.Nf1 Nc6
16.e4 dxe3 17.Bxe3 Nd4 18.Bxd4 cxd4 19.Nd2 Nd5 20.Nf1 Rec8 21.Rac1 Ba6 22.Qf2 Bxc4
23.Qxd4 Qa7 24.Qxa7 Rxa7 25.Nd2 Ne3 26.Re1 Nxg2 27.Kxg2 Ba6 28.Rxc8 Bxc8
29.Rc1 Ba6 30.Nc5 Rc7 31.b4 Bb7 32.Ndb3 axb4 33.axb4 Bd5 34.Nd2 Ra7 35.Rc2 f5
36.Kf2 Kf7 37.f4 Bd6 38.Nd3 Rb7 39.Nc4 Bxb4 40.Nce5+ Kf6 41.Nxb4 Rxb4 42.Rc7 Rb7
43.Rxb7 Bxb7 44.Ke3 g5 45.Kd4 gxf4 46.gxf4 Bd5  1/2-1/2

[Event "Zadar op"]
[Site "Zadar"]
[Date "1998.??.??"]
[Round "5"]
[White "Bukal, Vladimir Jr"]
[Black "Fercec, Nenad"]
[Result "1/2-1/2"]
[WhiteElo "2400"]
[BlackElo "2455"]

1.d4 Nf6 2.c4 e6 3.Nf3 Bb4+ 4.Nbd2 O-O 5.a3 Be7 6.e3 d5 7.b3 b6 8.Bb2 Bb7
9.Bd3 Nbd7 10.O-O c5 11.Qe2 cxd4 12.exd4 Nh5 13.g3 g6 14.Rac1 Rc8 15.Rfd1 Rc7
16.Ne5 Nxe5 17.dxe5 Bg5 18.Bb1 Bxd2 19.Qxd2 Qa8 20.Bd3 dxc4 21.Bxc4 Bf3 22.Be2 Rxc1
23.Bxc1 Bh1 24.Bf1 Bf3 25.Be2 Bh1 26.Bf1 Bf3 27.Be2  1/2-1/2

[Event "Zadar op"]
[Site "Zadar"]
[Date "1998.??.??"]
[Round "7"]
[White "Loncar, Robert"]
[Black "Zelcic, Robert"]
[Result "1-0"]
[WhiteElo "2405"]
[BlackElo "2540"]

1.d4 Nf6 2.c4 e6 3.Nf3 Bb4+ 4.Nbd2 b6 5.a3 Bxd2+ 6.Bxd2 Bb7 7.g3 d6 8.Bg2 a5
9.b3 Nbd7 10.O-O O-O 11.Bc3 Qb8 12.Rc1 Re8 13.Bb2 e5 14.dxe5 dxe5 15.Qc2 e4
16.Nd4 e3 17.f3 a4 18.b4 c5 19.Nf5 Re6 20.Rfd1 cxb4 21.axb4 a3 22.Ba1 Qf8
23.Nxg7 Kxg7 24.Rxd7 Bc6 25.Rd4 Qxb4 26.c5 Qa5 27.Bh3 Re5 28.Rd6 Ba4 29.Qb1 Rae8
30.Rxf6 a2 31.Qxa2 Qd2 32.Qxf7+ Kh8  1-0

[Event "Ardid mem 10th op"]
[Site "Zaragoza"]
[Date "1998.??.??"]
[Round "9"]
[White "San Segundo, Pablo"]
[Black "Garza Marco, Sergio"]
[Result "0-1"]
[WhiteElo "2505"]
[BlackElo "2225"]

1.d4 Nf6 2.c4 e6 3.Nf3 Bb4+ 4.Nbd2 b6 5.a3 Bxd2+ 6.Bxd2 Bb7 7.Bg5 d6 8.e3 Nbd7
9.Bh4 O-O 10.Bd3 c5 11.O-O h6 12.b4 Qc7 13.Nd2 Rfe8 14.Rc1 a5 15.b5 cxd4
16.exd4 e5 17.Qc2 exd4 18.Nb3 Ne4 19.Nxd4 Qc5 20.Ne2 Qxa3 21.f3 Qc5+ 22.Kh1 Ng5
23.Bf5 Rxe2 24.Bh7+ Nxh7 25.Qxe2 Nhf6 26.Bf2 Qe5 27.Qd2 Nc5 28.Rce1 Qf5 29.Qxd6 Nd3
30.Qxb6 Bxf3 31.Qd4 Nxe1 32.Bxe1 Qe4 33.Qd2 Be2 34.Rf4 Qe6 35.b6 Bxc4 36.Bg3 Bd5  0-1

[Event "ISR-chT"]
[Site "Israel"]
[Date "1999.01.15"]
[Round "2"]
[White "Mikhalevski, Alexander"]
[Black "Kosashvili, Yona"]
[Result "1/2-1/2"]
[WhiteElo "2485"]
[BlackElo "2580"]

1.d4 Nf6 2.c4 e6 3.Nf3 Bb4+ 4.Nbd2 b6 5.a3 Bxd2+ 6.Qxd2 Bb7 7.g3 O-O 8.Bg2 d6
9.O-O Nbd7 10.b3 Qe7 11.Bb2 Be4 12.Bh3 Bxf3 13.exf3 d5 14.f4 Rfd8 15.Qe3 Qd6
16.Rac1  1/2-1/2

[Event "Tapolca op"]
[Site "Budapest"]
[Date "1999.01.16"]
[Round "9"]
[White "Szeberenyi, Adam"]
[Black "Bodrogi, Mihaly"]
[Result "1/2-1/2"]
[WhiteElo "2230"]
[BlackElo "2195"]

1.d4 Nf6 2.c4 e6 3.Nf3 Bb4+ 4.Nbd2 O-O 5.a3 Be7 6.e4 d6 7.Bd3 Nc6 8.O-O Ne8
9.d5 Ne5 10.Nxe5 dxe5 11.Nf3 f6 12.Be3 c5 13.b4 b6 14.Rb1 Qc7 15.Nd2 f5 16.f3 f4
17.Bf2 g5 18.g4 Ng7 19.Kg2 h5 20.h3 Kf7 21.Rb2 Bd7 22.Nb1 Rh8 23.Nc3 Rh6
24.Nb5 Bxb5 25.cxb5 Rah8 26.Rh1 hxg4 27.fxg4 exd5 28.exd5 Ne8 29.Bf5 Nd6
30.Be6+ Kf8 31.bxc5 bxc5 32.Qc2 c4 33.b6 axb6 34.Bxb6 Qb7 35.Bd4 Qa8 36.Qb1 Qxa3
37.Rb8+ Kg7 38.Bxe5+ Rf6 39.Rxh8 Qg3+ 40.Kf1 Qf3+ 41.Kg1 Ne4 42.Rg8+ Kh7
43.Rh8+  1/2-1/2

[Event "Geneve op"]
[Site "Geneve"]
[Date "1999.01.29"]
[Round "7"]
[White "Nenashev, Alexander"]
[Black "Masserey, Yvan"]
[Result "1-0"]
[WhiteElo "2616"]
[BlackElo "2345"]

1.d4 Nf6 2.c4 e6 3.Nf3 Bb4+ 4.Nbd2 O-O 5.e3 b6 6.Bd3 d5 7.O-O Bb7 8.Qe2 Nbd7
9.Rd1 Ne4 10.Nf1 Bd6 11.Bd2 Qe7 12.Be1 dxc4 13.Bxc4 c5 14.dxc5 Bxc5 15.a3 Rfd8
16.Rac1 Rac8 17.Bb5 Nb8 18.Bd3 Bd6 19.Rxc8 Rxc8 20.Nd4 Be5 21.Bb4 Qf6 22.f3 Nc5
23.Bc2 Qe7 24.Ng3 Nc6 25.Bc3 Nxd4 26.Bxd4 Bxd4 27.Rxd4 Rd8 28.Qd2 Rxd4 29.Qxd4 Qd7
30.Qc3 a5 31.Nh5 f6 32.b4 axb4 33.axb4 Na6 34.Qxf6 Nxb4 35.Qg5 Nd5 36.Bb3 Qd6  1-0

[Event "Nova Gorica op"]
[Site "Nova Gorica"]
[Date "1999.01.30"]
[Round "3"]
[White "Kozul, Zdenko"]
[Black "Drazic, Sinisa"]
[Result "1-0"]
[WhiteElo "2585"]
[BlackElo "2478"]

1.d4 e6 2.c4 Nf6 3.Nf3 Bb4+ 4.Nbd2 d5 5.Qa4+ Nc6 6.a3 Bxd2+ 7.Bxd2 Ne4 8.e3 O-O
9.Qc2 a5 10.Bd3 Nxd2 11.Nxd2 h6 12.O-O Qe7 13.Rac1 Bd7 14.cxd5 exd5 15.Qb3 Qd6
16.Rc5 Ne7 17.Qxb7 c6 18.Qb3 Ng6 19.Qc3 a4 20.Nf3 Rab8 21.Bc2 Ra8 22.Rc1 f5
23.Ne5 Nxe5 24.dxe5 Qe7 25.Qd4 Kh8 26.Bxa4 Rxa4 27.Qxa4 Qxe5 28.Qd4 Qd6 29.f3 Rf6
30.b4 Qe7 31.a4 Rg6 32.a5 Qg5 33.R1c2 Kh7 34.Qf4 Qd8 35.a6 Qa8 36.Ra5 c5
37.Raxc5 Rxa6 38.Ra5 Rxa5 39.bxa5 Qxa5 40.Qd4  1-0